000 00557nam a22001817a 4500
005 20251108164023.0
008 250721s9999 xx 000 0 ara d
082 1 4 _a346.067/أحم
100 1 _aماهر، أحمد
245 1 0 _aدليل المدير في الخصخصة /
264 1 _aالإسكندرية :
_bمركز التنمية الإدارية،
_c[19-].
300 _a347ص
650 1 7 _aالشركات الحكومية
650 1 7 _aالشركات الخاصة
650 1 7 _aالملكية الخاصة
942 _2ddc
_cBK
999 _c1610
_d1610